| 000 | 00649nam a22002177a 4500 | ||
|---|---|---|---|
| 999 |
_c5998 _d5998 |
||
| 003 | AR-CdUCM | ||
| 008 | 190313b ||||| |||| 00| 0 spa d | ||
| 040 |
_aMUNICIPALIDAD PROVINCIAL DEL CUSCO _cBIBLIOTECA MUNICIPAL DEL CUSCO |
||
| 082 |
_a869.56 / _bV42 |
||
| 100 |
_aVegas Seminario, Francisco _97374 |
||
| 245 |
_aEl retablo de los ilusos : _bNovela / |
||
| 260 |
_aLima : _bEds. Tawantinsuyu _c1960. |
||
| 300 |
_a205 paginas ; _c16 cm. |
||
| 500 | _aDonación familia Nieto | ||
| 505 | _aContenido :Novela / | ||
| 650 |
_aLiteratura peruana _9169 |
||
| 650 |
_aNovela _95 |
||
| 650 |
_aSiglo XX _98 |
||
| 942 |
_2ddc _cLIBROS |
||
| 945 | _arjall | ||